Clifford's Family (Record no. 11721)

MARC details
000 -LEADER
fixed length control field 00244nam a22000977a 4500
008 - FIXED-LENGTH DATA ELEMENTS--GENERAL INFORMATION
fixed length control field 200110b ||||| |||| 00| 0 eng d
020 ## - INTERNATIONAL STANDARD BOOK NUMBER
International Standard Book Number 0590338498
100 ## - MAIN ENTRY--PERSONAL NAME
Personal name Bridwell Norman
9 (RLIN) 7411
245 ## - TITLE STATEMENT
Title Clifford's Family
260 ## - PUBLICATION, DISTRIBUTION, ETC. (IMPRINT)
Place of publication, distribution, etc. New York
Name of publisher, distributor, etc. Scholastic
Holdings
Withdrawn status Lost status Source of classification or shelving scheme Damaged status Koha normalized classification for sorting Not for loan Home library Current library Shelving location Date acquired Total Checkouts Full call number Barcode Date last seen Price effective from Koha item type
    Dewey Decimal Classification   808_000000000000000_JUNLIB   Good Samaritan School Library Good Samaritan School Library FICTION 01/10/2020   808 JUNLIB BRI15769 01/10/2020 01/10/2020 BOOK

Powered by Koha